| 000 | 00962nam a2200289 4500 | ||
|---|---|---|---|
| 003 | OSt | ||
| 005 | 20260601170956.0 | ||
| 008 | 260508b2005\\\\gera||||\||||\00|\0\eng\d | ||
| 020 | _a9783822828700 | ||
| 040 |
_aICI _bspa _cICI |
||
| 041 | _aspa | ||
| 050 |
_aNK1535.E25 _bK6418 |
||
| 100 | 1 |
_aKoenig, Gloria, _eautor |
|
| 245 | 1 |
_aCharles & Ray Eames, 1907-1978, 1912-1988 : |b pioneros de la modernidad a mediados del siglo XX / _cGloria Koenig ; traducción, Claudia Andreu y Teresa Bladé |
|
| 246 | 1 | _aEames | |
| 264 |
_aKöln : _bTaschen, _cc2005 |
||
| 300 |
_a96 páginas : _bilustraciones |
||
| 336 |
_atexto _2rdacontent |
||
| 337 |
_asin medio _2rdamedia |
||
| 338 |
_avolumen _2rdacarrier |
||
| 490 | 0 | _aBasic Architecture Series | |
| 650 |
_aDiseño _xHistoria _ySiglo XX _zEstados Unidos |
||
| 650 |
_aDiseño de muebles _zEstados Unidos |
||
| 700 | 1 |
_aAndreu, Claudia, _etraductor |
|
| 700 | 1 |
_aBladé, Teresa, _etraductor |
|
| 942 |
_2lcc _cB _n1 |
||
| 999 |
_c19863 _d19863 |
||